000 01279cam a2200133 4500500
005 20260329044511.0
041 _afre
042 _adc
100 1 0 _aCarlier, Pascal
_eauthor
245 0 0 _aLe sanglier nouveau est arrivé
260 _bPresses universitaires de Grenoble,
_c2025.
520 _aCochon domestique et sanglier sont deux espèces très proches qui portent à l’origine des valeurs différentes: de paresse et de lubricité pour l’un, de courage et de noblesse pour l’autre. Mais l’image du sanglier s’est brouillée avec sa présence croissante dans les zones urbaines où il se nourrit des restes alimentaires des humains. Il devient un peu moins sanglier et plus cochon – mais ni l’un ni l’autre – et surtout invasif et incontrôlable. Le sanglier pose le défi de la cohabitation et de l’imprévisible. Il échappe à son assignation arbitraire et conteste la naturalisation de la place qui lui est attribuée. Il devient sujet politique.Pour accéder au contenu, il suffit de cliquer sur l’icône de nuage OpenAccess.Vous pourrez choisir de lire en ligne ou de télécharger l’e-book au format PDF ou ePub.
856 4 1 _uhttps://stm.cairn.info/le-sanglier-nouveau-est-arrive--9782706158100?lang=fr&redirect-ssocas=7080
999 _c1993007
_d1993007